| 000 | 01120nam a22002657a 4500 | ||
|---|---|---|---|
| 999 |
_c64861 _d64861 |
||
| 005 | 20240530110755.0 | ||
| 008 | 181227s2017 ua g b 000 0 ara d | ||
| 017 |
_a2017/2985 _bمصر. دار الكتب |
||
| 020 | _a9789770482988 | ||
| 040 |
_aEG-CaGPL _cEG-CaGPL |
||
| 082 | 0 | 4 |
_221 _a341.442/ _bإ م |
| 100 | 0 | _aابراهيم السيد احمد رمضان | |
| 245 | 1 | 0 |
_aمسئولية اثيوبيا والدول الممولة والشركات المنفذة عن انشاء سد النهضة فى ضوء احكام القانون الدولى العام / _cابراهيم السيد احمد رمضان |
| 250 | _aط.1 | ||
| 260 |
_aالقاهرة : _bدار النهضة العربية، _c2017. |
||
| 300 |
_a148 ص. ؛ _c24 سم. |
||
| 504 | _aيشتمل على ارجاعات ببليوجرافية | ||
| 650 | 0 | 7 |
_2qrmak _aالانهار _xقوانين وتشريعات |
| 650 | 0 | 7 |
_2qrmak _aالانهار _xمصبات |
| 650 | 0 | 7 |
_2qrmak _aالانهار _zاثيوبيا |
| 651 | _2qrmak | ||
| 653 | 0 | _aسد النهضة | |
| 942 |
_2ddc _cBK |
||